<?xml version="1.0" encoding="UTF-8"?>
<collection xmlns="http://www.loc.gov/MARC21/slim">
  <record>
    <leader>00000nam  2200000   4500</leader>
    <controlfield tag="001">INLIS000000000006979</controlfield>
    <controlfield tag="005">20200416070506</controlfield>
    <datafield tag="035" ind1="#" ind2="#">
      <subfield code="a">0010-061300000006979</subfield>
    </datafield>
    <controlfield tag="008">200416################g##########0#ind##</controlfield>
    <datafield tag="041" ind1="#" ind2="#">
      <subfield code="a">Ind</subfield>
    </datafield>
    <datafield tag="082" ind1="#" ind2="#">
      <subfield code="a">2x1.12</subfield>
    </datafield>
    <datafield tag="090" ind1="#" ind2="#">
      <subfield code="a">2x1.12, Aka a</subfield>
    </datafield>
    <datafield tag="100" ind1="1" ind2="#">
      <subfield code="a">Akaha, ABduh Zulfidar</subfield>
    </datafield>
    <datafield tag="245" ind1="1" ind2="#">
      <subfield code="a">Al-Qur'an dan qiroat, Abduh Zulfidar Akaha /</subfield>
      <subfield code="c">Abduh Zulfidar Akaha</subfield>
    </datafield>
    <datafield tag="260" ind1="#" ind2="#">
      <subfield code="a">Jakarta :</subfield>
      <subfield code="b">Pustaka Al-Kaustar,</subfield>
      <subfield code="c">1996</subfield>
    </datafield>
    <datafield tag="300" ind1="#" ind2="#">
      <subfield code="a">204 hlm., ;</subfield>
      <subfield code="c">14 x 21 cm</subfield>
    </datafield>
    <datafield tag="650" ind1="#" ind2="4">
      <subfield code="a">Al-Qur'an</subfield>
    </datafield>
    <datafield tag="020" ind1="#" ind2="#">
      <subfield code="a">979-592-063-4</subfield>
    </datafield>
    <datafield tag="084" ind1="#" ind2="#">
      <subfield code="a">2x1.12 AKA a</subfield>
    </datafield>
    <datafield tag="250" ind1="#" ind2="#">
      <subfield code="a">cet.1</subfield>
    </datafield>
    <datafield tag="990" ind1="#" ind2="#">
      <subfield code="a">105.046/Pro-96</subfield>
    </datafield>
    <datafield tag="990" ind1="#" ind2="#">
      <subfield code="a">0001/BPAP-NTB/2015</subfield>
    </datafield>
  </record>
</collection>
